Alle deutschen Fußball-Weltmeister - Statistiken

Allgemein
  • Dieses Quiz wurde 72 mal gespielt
  • Das Durchschnittsergebnis liegt bei 39 aus 92
Antwortstatistiken
Jahr Position Spieler:in Verein % Korrekt
1974 Angriff Gerd Müller FC Bayern München
95%
2014 Torwart Manuel Neuer FC Bayern München
95%
2014 Angriff Thomas Müller FC Bayern München
95%
1974 und 1990 Abwehr und Bundestrainer Franz Beckenbauer FC Bayern München
88%
2014 Bundestrainer Joachim Löw /
86%
2014 Angriff Miroslav Klose Lazio Rom
85%
1990 Mittelfeld Lothar Matthäus Inter Mailand
81%
2014 Abwehr Mats Hummels Borussia Dortmund
81%
2014 Mittelfeld Philipp Lahm FC Bayern München
81%
2014 Torwart Roman Weidenfeller Borussia Dortmund
81%
2014 Angriff Mario Götze FC Bayern München
80%
2014 Mittelfeld Mesut Özil FC Arsenal
80%
2014 Mittelfeld Toni Kroos FC Bayern München
80%
2014 Mittelfeld Bastian Schweinsteiger FC Bayern München
78%
2014 Abwehr Benedikt Höwedes FC Schalke 04
78%
2014 Abwehr Jérôme Boateng FC Bayern München
75%
2014 Angriff Lukas Podolski FC Arsenal
75%
2014 Abwehr Per Mertesacker FC Arsenal
73%
2014 Angriff André Schürrle FC Chelsea
71%
1954 Angriff Helmut Rahn Rot-Weiss Essen
71%
2014 Mittelfeld Sami Khedira Real Madrid
71%
2014 Torwart Ron-Robert Zieler Hannover 96
69%
1990 Angriff Rudi Völler AS Rom
69%
2014 Mittelfeld Christoph Kramer Borussia M‘Gladbach
68%
2014 Abwehr Shkodran Mustafi Sampdoria Genua
68%
2014 Abwehr Matthias Ginter SC Freiburg
66%
2014 Mittelfeld Julian Draxler FC Schalke 04
64%
1974 Torwart Sepp Maier FC Bayern München
64%
1954 Mittelfeld Karl Mai SpVgg Fürth
61%
1990 Abwehr Andreas Brehme Inter Mailand
59%
1954 Mittelfeld Fritz Walter 1.FC Kaiserslautern
59%
2014 Abwehr Kevin Großkreutz Borussia Dortmund
59%
2014 Abwehr Erik Durm Borussia Dortmund
58%
1990 Angriff Jürgen Klinsmann Inter Mailand
58%
1954 Angriff Ottmar Walter 1.FC Kaiserslautern
58%
1974 Mittelfeld Uli Hoeneß FC Bayern München
56%
1974 Abwehr Berti Vogts Borussia M‘Gladbach
49%
1974 Bundestrainer Helmut Schön /
49%
1974 Mittelfeld Günter Netzer Real Madrid
47%
1990 Abwehr Klaus Augenthaler FC Bayern München
47%
1954 Bundestrainer Sepp Herberger /
44%
1990 Torwart Andreas Köpke 1.FC Nürnberg
42%
1990 Abwehr Jürgen Kohler FC Bayern München
39%
1974 Abwehr Paul Breitner FC Bayern München
39%
1990 Mittelfeld Andreas Möller Borussia Dortmund
37%
1990 Torwart Bodo Illgner 1.FC Köln
37%
1974 Abwehr Hans-Georg Schwarzenbeck FC Bayern München
37%
1990 Mittelfeld Thomas Häßler 1.FC Köln
37%
1974 Angriff Jupp Heynckes Borussia M‘Gladbach
36%
1990 Mittelfeld Pierre Littbarski 1.FC Köln
36%
1954 Torwart Toni Turek Fortuna Düsseldorf
36%
1974 Angriff Bernd Hölzenbein Eintracht Frankfurt
32%
1990 Mittelfeld Olaf Thon FC Bayern München
32%
1990 Abwehr Guido Buchwald VfB Stuttgart
31%
1974 Mittelfeld Wolfgang Overath 1.FC Köln
31%
1974 Angriff Jürgen Grabowski Eintracht Frankfurt
29%
1954 Mittelfeld Max Morlock 1.FC Nürnberg
29%
1990 Angriff Karl-Heinz Riedle SV Werder Bremen
27%
1990 Mittelfeld Uwe Bein Eintracht Frankfurt
27%
1990 Torwart Raimond Aumann FC Bayern München
25%
1974 Torwart Wolfgang Kleff Borussia M‘Gladbach
25%
1974 Torwart Norbert Nigbur FC Schalke 04
24%
1974 Mittelfeld Rainer Bonhof Borussia M‘Gladbach
24%
1990 Abwehr Thomas Berthold AS Rom
24%
1974 Abwehr Horst-Dieter Höttges SV Werder Bremen
22%
1954 Angriff Hans Schäfer 1.FC Köln
19%
1954 Mittelfeld Horst Eckel 1.FC Kaiserslautern
19%
1954 Abwehr Josef Posipal Hamburger SV
19%
1990 Angriff Frank Mill Borussia Dortmund
17%
1974 Mittelfeld Heinz Flohe 1.FC Köln
17%
1990 Abwehr Stefan Reuter FC Bayern München
17%
1990 Mittelfeld Günter Herrmann SV Werder Bremen
15%
1954 Angriff Richard Herrmann FSV Frankfurt
15%
1954 Abwehr Werner Liebrich 1.FC Kaiserslautern
15%
1954 Angriff Bernhard Klodt FC Schalke 04
14%
1974 Abwehr Helmut Kremers FC Schalke 04
14%
1990 Abwehr Paul Steiner 1.FC Köln
14%
1954 Abwehr Werner Kohlmeyer 1.FC Kaiserslautern
14%
1974 Mittelfeld Bernhard Cullmann 1.FC Köln
12%
1974 Angriff Dieter Herzog Fortuna Düsseldorf
12%
1954 Torwart Heinz Kwiatkowski Borussia Dortmund
12%
1974 Mittelfeld Herbert Wimmer Borussia M‘Gladbach
12%
1974 Mittelfeld Jupp Kappellmann FC Bayern München
12%
1990 Abwehr Hans Pflügler FC Bayern München
8%
1954 Angriff Alfred Pfaff Eintracht Frankfurt
7%
1954 Abwehr Hans Bauer FC Bayern München
7%
1954 Abwehr Herbert Erhard SpVgg Fürth
7%
1954 Abwehr Fritz Laband Hamburger SV
5%
1954 Mittelfeld Paul Mebus 1.FC Köln
5%
1954 Torwart Heinz Kubsch FK Pirmasens
3%
1954 Mittelfeld Karl-Heinz Metzner Hessen Kassel
3%
1954 Angriff Ulrich Biesinger BC Augsburg
3%
Keine übereinstimmenden Quizze gefunden
Verteilung der Resultate
Anzahl Personen mit jedem Resultat
Perzentil nach korrekt beantworteten Fragen
Ihre Resultats-Entwicklung
Sie haben dieses Quiz noch nicht gespielt